• 首页
  • 本馆介绍
  • 公告通知
  • 最新文献
  • 馆藏检索
  • 电子资源
  • 读者导购
  • 参考咨询
  • 我的图书馆
  • 登录
  • 详细信息显示
  • 放入我的书架
  • 预约/预借图书
  • 作者相关作品
  • 分类相关作品
  • 丛书相关作品
  • 出版社相关作品

书目信息

  • 表格格式
  • 工作单格式
  • 卡片格式
题名:
匈牙利短篇小说选
    
 
作者: 张春风 , 夏悦文 , 旭遇桢 , 冯植生 译
分册:  
出版信息: 北京   新华出版社  1985
页数: 424页
开本: 19cm
丛书名: 东欧当代文学丛书
单 册:
中图分类: I515.45
科图分类:
主题词: 短篇小说--匈牙利--现代--选集
电子资源:
ISBN:
000 00833nam2 2200289 45
001 0185008868
005 20040413091034.0
010    @dCNY1.65
100    @a19901105d1985 em y0chiy0121 ea
101 1  @achi@chun
102    @aCN@b110000
105    @ay z 000ay
106    @ar
200 10 @a匈牙利短篇小说选@Axiong ya li duan pian xiao shuo xuan@f张春风等译
210    @a北京@c新华出版社@d1985
215    @a424页@d19cm
225 2  @a东欧当代文学丛书
410  0 @120010@a东欧当代文学丛书
606    @a短篇小说@y匈牙利@z现代@x选集
690    @aI515.45@v3
701  0 @a张春风@Azhang chun feng@4译
701  0 @a夏悦文@Axia yue wen@4译
701  0 @a旭遇桢@Axu yu zhen@4译
701  0 @a冯植生@Afeng zhi sheng@4译
801  0 @aCN@b深圳图书馆@c20040413
801  2 @aCN@bNLC@c20040413
905    @f2@b140736-737@dI515.45@e9
    
    匈牙利短篇小说选/张春风等译.-北京:新华出版社,1985
    424页;19cm.-(东欧当代文学丛书)
    
    
    ISBN :CNY1.65
    
●
相关链接 在E读中查询图书 在五车中查询图书 在当当中查询图书 在豆瓣中查询图书


正题名:匈牙利短篇小说选     索取号:I515.45/9         预约/预借

序号 登录号 条形码 馆藏地/架位号 状态 备注
1 0140736   000335033   第二借阅区/ [索取号:I515.45/9] 在馆    
2 0140737   000334999   第二借阅区/ [索取号:I515.45/9] 在馆    
3 0140738   000334953   第一样本阅览室/ [索取号:I515.45/9] 在馆    
唐山师范学院图书馆 欢迎您!
大连网信软件有限公司© 版权所有